|
|
|
|
| LEADER |
00000nam a2200000 a 4500 |
| 001 |
vtls001420600 |
| 003 |
SK-MaSNL |
| 005 |
20260302035257.0 |
| 008 |
251124s1999 xo oba g 00000 slo |
| 015 |
|
|
|a SNBE2001/04-02928
|
| 020 |
|
|
|a 8080561648
|q (brož.)
|
| 035 |
|
|
|a SNK000375437
|
| 040 |
|
|
|a SNK
|b slo
|c SNK
|e AACR2
|
| 041 |
0 |
|
|a slo
|
| 043 |
|
|
|a e-xo---
|
| 044 |
|
|
|a xo
|c SK
|
| 080 |
|
|
|a 94(437.6)
|2 2001
|
| 080 |
|
|
|a 94-027.541
|2 2001
|
| 080 |
|
|
|a (437.612)
|2 2001
|
| 080 |
|
|
|a 904(437.6)
|2 2001
|
| 080 |
|
|
|a 929
|2 2001
|
| 080 |
|
|
|a 908(437.6)
|2 201
|
| 080 |
|
|
|a (036)
|2 2001
|
| 080 |
|
|
|a (055)
|2 2001
|
| 100 |
1 |
|
|a Reško, Alexander
|4 aut
|9 12942
|
| 245 |
1 |
|
|a Mostová
|b obec Esterházyovcov
|c [Alexander Reško, Tibor Rózsár ; zodp. vyd.: Árpád Szénássy ; foto: Á. Szénássy]
|
| 250 |
|
|
|a [1. vyd.]
|
| 260 |
|
|
|a Komárno
|b Vydavateľstvo KT
|c 1999
|
| 300 |
|
|
|a 16 s.
|b prevažne čiernobiele fotogr., mp.
|c 17x12 cm
|
| 500 |
|
|
|a Vydáva Vydavateľstvo KT Komárno z poverenia samosprávy v Mostovej
|
| 504 |
|
|
|a Bibliogr. s. 16. Biogr. údaje
|
| 650 |
0 |
7 |
|a dejiny
|2 SNKPH
|9 3825
|
| 650 |
0 |
7 |
|a regionálne dejiny
|2 agk
|9 63645
|
| 650 |
0 |
7 |
|a kultúrne pamiatky
|2 agk
|9 2862
|
| 650 |
0 |
7 |
|a osobnosti
|2 agk
|9 29820
|
| 650 |
0 |
7 |
|a vlastiveda
|2 agk
|9 3887
|
| 651 |
|
7 |
|a Mostová (Slovensko)
|2 SNK
|9 75790
|
| 651 |
|
7 |
|a Galanta (Slovensko : okres)
|2 SNKPH
|9 15964
|
| 655 |
|
7 |
|a informačné publikácie
|2 SNK
|9 70181
|
| 655 |
|
7 |
|a bulletiny
|2 agk
|9 70453
|
| 700 |
1 |
|
|a Rózsár, Tibor
|4 aut
|9 526766
|
| 700 |
1 |
|
|a Szénássy, Árpád,
|d 1953-2005
|4 lso
|4 pht
|9 9179
|
| 710 |
2 |
|
|a Mostová (Slovensko).
|b Obecný úrad
|4 pbl
|9 151615
|
| 919 |
|
|
|a 80-8056-164-8
|
| 999 |
|
|
|c 1070012
|d 1071942
|
| 952 |
|
|
|t P60, <04>, [BOOK], {604}
|a SNK
|b SNK
|y VYP
|7 0
|p 17A0316519
|o snkOSD 8560 D1
|i snkKSP 11287/2001
|0 0
|1 0
|4 0
|d 2001-09-26
|l 0
|r 2005-01-02 00:00:00
|w 2026-02-24
|
| 952 |
|
|
|t P60, <03>, [BOOK], {603}
|a SNK
|b SNK
|y PREZ
|7 0
|p 17A0316520
|o snkOSD 8560
|i snkKSP 11286/2001
|0 0
|1 0
|4 0
|d 2001-09-26
|l 0
|r 2005-01-02 00:00:00
|w 2026-02-24
|